1245 1349 1529 1248 1756 1761 1613 1626 1621 1900 1121 1587 1836 1085 1470 1845 1203 1130 1471 1625 1250 1415 1776 1945 1019 1702 1312 1195 1717 1785 1313 1904 1823 1249 1412 1522 1258 1525 1978 1431 1312 1138 1421 1772 1613 1326 1186 1443 1262 1304 1566 1336 1763 1859 1329 1738 1422 1266 1209 1982 1596 1749 1537 1792 1884 1474 1922 1273 1671 1425 1421 1643 1038 1686 1948 1069 1975 1326 1010 1311 1214 1344 1595 1822 1750 1266 1410 1013 1818 1697 1366 1309 1585 1854 1754 1490 1950 1105 1452 BCNSPRNW ULIB Ver.6.0+V

เปลี่ยนเป็นภาษาไทย

Change to English
 แสดงรายละเอียดบรรณานุกรม
  กลับหน้าหลัก

Brief Record : Get Marc (ISO 2709) : E-mail record : QR code < ปิดหน้าต่าง
LEADER : 00000nam 2200000uu 4500
001    13399121724
003     ULIB
008    121203s2553||||th 000 0 tha d
020    ^a978974401242
050  4 ^aBQ7374^bจ758ว
100 1  ^aเจิ้ง, เอี๋ยน
245 10 ^aวาทะธรรม จิ้งซืออวี่. ^n1 /^cธรรมาจารย์เจิ้งเอี๋ยน ; แปลโดย คณะกรรมการแปลมูลนิธิพุทธฉือจี้ ใต้หวันในประเทศไทย
246 14 ^aจิ้งซืออวี่. ^n1 :^bวาทะธรรม ธรรมาจารย์เจิ้งเอี๋ยน
246 30 ^aจิ้งซืออวี่ 1
250    ^aพิมพ์ครั้งที่ 1
260    ^aกรุงเทพฯ :^bมูลนิธิพุทธฉือจี้ ไต้หวันในประเทศไทย,^c2553
300    ^a201 หน้า ;^c21 ซม.
610 24 ^aมูลนิธิพุทธฉือจี้ ไต้หวันในประเทศไทย
650  0 ^aDharma (Buddhism)
650  0 ^aMahayana Buddhism^zTaiwan
650  0 ^aQuotations, Buddhist
650  0 ^aConduct of life^xReligious aspects^xBuddhism
650  4 ^aการดำเนินชีวิต^xแง่ศาสนา^xพุทธศาสนา
650  4 ^aธรรมะกับชีวิตประจำวัน
650  4 ^aคำคมทางพุทธศาสนา
650  4 ^aพุทธศาสนามหายาน^zไต้หวัน
650  4 ^aธรรมะ
710 2  ^a ; แปลโดย คณะกรรมการแปลมูลนิธิพุทธฉือจี้ ใต้หวันในประเทศไทย
945    ^p0^l0^i033155
945    ^p0^l0^i033156
995    ^a เกษร
999    ^aใช้งานได้ทุกระบบ
รายการนี้ยังไม่มีแท็ก
คุณยังไม่ได้ล็อกอิน คุณสามารถมีกิจกรรมร่วมกับเว็บไซต์ได้ แต่ต้องล็อกอินก่อน ::
  ล็อกอิน

รายการสื่อสารสนเทศ

ลำดับที่ ประเภท เลขเรียก/บาร์โค้ด สถานที่ สถานะ
1. วิทยาศาสตร์การแพทย์ และสุขภาพ
หนังสือสำรอง
สถานะ=หนังสือสำรอง
BQ7374 จ758ว ฉ.1 
  Barcode: 033155
ห้องสมุดวิทยาเขตสวรรค์ประชารักษ์
►หนังสือทั่วไป
บนชั้น
2. วิทยาศาสตร์การแพทย์ และสุขภาพ
วิทยาศาสตร์การแพทย์ และสุขภาพ
BQ7374 จ758ว ฉ.2 
  Barcode: 033156
ห้องสมุดวิทยาเขตสวรรค์ประชารักษ์
►หนังสือทั่วไป
บนชั้น

รายการใกล้เคียง
    หัวเรื่อง [Dharma (Buddhism)]
    หัวเรื่อง [ธรรมะกับชีวิตประจำวัน]
    หัวเรื่อง [ธรรมะ]

BibComment


ยังไม่เคยถูกคอมเมนท์

คอมเมนท์ทรัพยากรรายการนี้
  คอมเมนท์: วาทะธรรม จิ้งซือ..


 Copyright 2026. Bcnsprnw @Library